THE IDEA OF HISTORY (Record no. 18972)

000 -LEADER
fixed length control field 00401 a2200169 4500
003 - CONTROL NUMBER IDENTIFIER
control field OSt
005 - DATE AND TIME OF LATEST TRANSACTION
control field 20170105104751.0
008 - FIXED-LENGTH DATA ELEMENTS--GENERAL INFORMATION
fixed length control field 160615b xxu||||| |||| 00| 0 eng d
020 ## - INTERNATIONAL STANDARD BOOK NUMBER
International Standard Book Number 0
040 ## - CATALOGING SOURCE
Transcribing agency 0
082 ## - DEWEY DECIMAL CLASSIFICATION NUMBER
Classification number 901 COL 2007
100 ## - MAIN ENTRY--PERSONAL NAME
Personal name R.G.COLLINGWOOD
245 ## - TITLE STATEMENT
Title THE IDEA OF HISTORY
Statement of responsibility, etc. R.G.COLLINGWOOD
260 ## - PUBLICATION, DISTRIBUTION, ETC.
Place of publication, distribution, etc. OXFORD UNIVERSITY
Date of publication, distribution, etc. 2007
300 ## - PHYSICAL DESCRIPTION
Extent 510 p.
Other physical details PB
942 ## - ADDED ENTRY ELEMENTS (KOHA)
Koha item type Book
Call number prefix 901 COL
Source of classification or shelving scheme
Holdings
Withdrawn status Lost status Source of classification or shelving scheme Damaged status Not for loan Collection code Permanent Location Current Location Shelving location Date acquired Total Checkouts Full call number Barcode Date last seen Price effective from Koha item type
            Institute of Environmental Science and Engineering (IESE) Institute of Environmental Science and Engineering (IESE) General Stacks 11/06/2017   901 COL IESE-1398 11/06/2017 11/06/2017 Book
© 2023 Central Library, National University of Sciences and Technology. All Rights Reserved.